000 00727nam a2200205Ia 4500
005 20250508160155.0
008 008 250505s9999 xx 000 0 eng d
037 _aBooks to be hide in OPAC
040 _aFEDL
_beng
_cFEDL
041 _aeng
_2eng
084 _a370.97, UNI
_qFEDL
245 0 _aPublic school system of memphis, tennessee : Report of a survey made under the direction of the commissioner of education
245 0 _cDepartment of the Interior. Bureau of Education
260 _aWashington, USA
_bU.S. Government Printing Office
_c1920
300 _a23p.
546 _aBulletin, 1919, No. 50 in seven parts
650 _aEducation
942 _cHB
_h370.97, UNI
999 _c1362417
_d1362417